[Event "Ch St. Petersburg"]
[Site "masterchessopen.com St. Petersburg (Russia)"]
[Round "6"]
[White "Shchukin Dmitry (RUS)"]
[Black "Kochyev Alexander (RUS)"]
[Result "1-0"]
[WhiteElo "2400"]
[BlackElo "2430"]

1.d4 Nf6 2.c4 e6 3.Nc3 Bb4 4.e3 b6 5.Ne2 c5 6.a3 Ba5 7.Rb1 Na6 8.f3 Bxc3+
9.Nxc3 Nh5 10.Qc2 O-O 11.g4 Qh4+ 12.Qf2 Qxf2+ 13.Kxf2 Nf6 14.dxc5 bxc5 15.e4
Rd8 16.Be3 Bb7 17.Be2 d6 18.Rhd1 Rd7 19.b4 cxb4 20.axb4 Nc7 21.g5 Nfe8 22.b5
f6 23.c5 Bc8 24.c6 Rf7 25.g6 hxg6 26.Ra1 f5 27.exf5 gxf5 28.Bxa7 d5 29.Bc5
Rxa1 30.Rxa1 e5 31.b6 Ne6 32.Ra8 Nxc5 33.Rxc8 {#r} 1-0

[Event "It (open)"]
[Site "masterchessopen.com Tampere (Finland)"]
[Round "1"]
[White "Heinimaki Leo (FIN)"]
[Black "Taivainen Jukka (FIN)"]
[Result "0-1"]
[WhiteElo "2072"]
[BlackElo "2262"]

1.d4 Nf6 2.c4 e6 3.Nc3 Bb4 4.e3 b6 5.Ne2 c5 6.a3 Ba5 7.Rb1 Na6 8.Qa4 Qe7 9.Bd2
Bb7 10.Ng3 O-O 11.d5 Bxc3 12.Bxc3 Nc7 13.Bd3 b5 14.Qa5 d6 15.b3 exd5 16.Nf5
Qd8 17.Bxf6 Qxf6 18.Qxc7 Qc3+ 19.Ke2 dxc4 20.bxc4 bxc4 21.Ne7+ Kh8 22.Qxb7
cxd3+ 23.Kf3 Qf6+ 24.Kg3 Qe5+ 25.Kf3 Rae8 26.Nd5 Qh5+ 27.Kg3 Re5 28.f4 Rxd5
29.Qxa7 h6 30.Qe7 Ra8 31.Rb7 d2 32.Rd1 Qxd1 33.Qxf7 Qe1+ 34.Kh3 Rg8 {#R} 0-1

[Event "Ch Georgia"]
[Site "masterchessopen.com Tbilisi (Georgia)"]
[Round "0"]
[White "Edzgveradze Natalia (GEO)"]
[Black "Khorava Miranda (GEO)"]
[Result "0-1"]
[WhiteElo "2340"]
[BlackElo "2215"]

1.d4 Nf6 2.c4 e6 3.Nc3 Bb4 4.e3 b6 5.Ne2 Bb7 6.a3 Bxc3+ 7.Nxc3 d5 8.Be2 O-O
9.O-O Nbd7 10.b3 Qe7 11.Bb2 Rad8 12.cxd5 exd5 13.Qc2 c5 14.Rad1 Ne4 15.dxc5
Ndxc5 16.b4 Ne6 17.Qb3 Nxc3 18.Qxc3 d4 19.exd4 Nf4 20.Bf3 Qg5 21.g3 Bd5 22.Bc1
Qh5 23.Bxf4 Bxf3 24.Rc1 Rd5 25.Rfe1 Qxh2+ {#R} 0-1

[Event "It (open)"]
[Site "masterchessopen.com Bad Woerishofen (Germany)"]
[Round "1"]
[White "Giorgadze Giorgi (GEO)"]
[Black "Porubszki Georg (GER)"]
[Result "1-0"]
[WhiteElo "2610"]
[BlackElo "1947"]

1.d4 Nf6 2.c4 e6 3.Nc3 Bb4 4.e3 b6 5.Ne2 Bb7 6.a3 Bxc3+ 7.Nxc3 O-O 8.Bd3 d6
9.O-O c5 10.d5 e5 11.e4 h6 12.b4 Nbd7 13.Be3 Qe7 14.Qe2 Rfe8 15.Rfb1 Rec8
16.Rb2 Ba6 17.Rab1 Rc7 18.Na4 cxb4 19.axb4 Rac8 20.b5 Bb7 21.f3 Ba8 22.Ra2 Ne8
23.Rba1 Qd8 24.Nb2 Nc5 25.Rxa7 Nxd3 26.Qxd3 Rxa7 27.Rxa7 Rb8 28.Na4 Nf6 29.Qa3
{#r} 1-0

[Event "?"]
[Site "masterchessopen.com Bosnia & Herzegovina"]
[Round "0"]
[White "Giorgadze Giorgi (GEO)"]
[Black "Kurajica Bojan (CRO)"]
[Result "1-0"]
[WhiteElo "2610"]
[BlackElo "2570"]

1.d4 Nf6 2.c4 e6 3.Nc3 Bb4 4.e3 b6 5.Ne2 Ne4 6.Qc2 f5 7.a3 Bxc3+ 8.Nxc3 Bb7
9.b3 O-O 10.Bb2 d6 11.O-O-O Nd7 12.f3 Nxc3 13.Qxc3 Qe7 14.Kb1 c6 15.Bd3 Nf6
16.h3 c5 17.Rhe1 cxd4 18.exd4 Qd7 19.d5 e5 20.g4 f4 21.h4 Rae8 22.Qc2 g6 23.h5
g5 24.h6 Qc7 25.b4 a5 26.Bf5 axb4 27.axb4 Bc8 28.c5 bxc5 29.bxc5 Qxc5 30.Bxh7+
Kh8 31.Qxc5 dxc5 32.Bg6 Nd7 33.Re4 Bb7 34.Rde1 Bxd5 35.Rxe5 {#r} 1-0

[Event "It (open)"]
[Site "masterchessopen.com Corte Ingles (Spain)"]
[Round "0"]
[White "Villavicencio Adalberto (ESP)"]
[Black "Rodriguez Moya David (ESP)"]
[Result "1-0"]
[WhiteElo "2320"]
[BlackElo "2106"]

1.d4 Nf6 2.c4 e6 3.Nc3 Bb4 4.e3 b6 5.Ne2 Bb7 6.a3 Bxc3+ 7.Nxc3 d5 8.cxd5 exd5
9.Bb5+ c6 10.Bd3 O-O 11.b4 c5 12.bxc5 bxc5 13.O-O c4 14.Bc2 Nc6 15.Bd2 Re8
16.f3 Rb8 17.Qc1 Na5 18.Rb1 Bc6 19.Rb4 Qd6 20.Qb1 Rxb4 21.Qxb4 Nb7 22.Rb1 g6
23.Ba4 Bxa4 24.Qxa4 Nd8 25.Qxa7 Ne6 26.Rb7 Rd8 27.Rb6 Qd7 28.Qxd7 {#r} 1-0

[Event "Ch England (team) 1997/98"]
[Site "masterchessopen.com England"]
[Round "8"]
[White "Palliser Richard (ENG)"]
[Black "Dickinson Timothy R (ENG)"]
[Result "1-0"]
[WhiteElo "2175"]
[BlackElo "2152"]

1.d4 e6 2.c4 Nf6 3.Nc3 Bb4 4.e3 b6 5.Ne2 Bb7 6.Qc2 O-O 7.a3 Be7 8.e4 d6 9.Ng3
Nbd7 10.Be2 e5 11.d5 a5 12.O-O Nc5 13.Be3 g6 14.b4 axb4 15.axb4 Ncd7 16.Rxa8
Qxa8 17.Qb2 c5 18.dxc6 Bxc6 19.Nd5 Bxd5 20.cxd5 h5 21.f3 h4 22.Ra1 Qb7 23.Nf1
Ra8 24.Rxa8+ Qxa8 25.Bb5 Qa7 26.Qc2 Bd8 27.Bg5 h3 28.Qc8 {#r} 1-0

[Event "Oberliga Northeast 1997/98"]
[Site "masterchessopen.com Germany"]
[Round "0"]
[White "Kiesekamp Marcos (GER)"]
[Black "Klimm Wolf-Dietrich (GER)"]
[Result "1-0"]
[WhiteElo "2315"]
[BlackElo "2275"]

1.d4 Nf6 2.c4 e6 3.Nc3 Bb4 4.e3 b6 5.Ne2 Ne4 6.f3 Nxc3 7.bxc3 Be7 8.Nf4 c5
9.Bd3 Nc6 10.Be4 f5 11.Nxe6 dxe6 12.Bxc6+ Bd7 13.Bxa8 Qxa8 14.O-O Bc6 15.Qe2
O-O 16.Bb2 Bf6 17.Rae1 Rd8 18.Rd1 Qb7 19.dxc5 bxc5 20.Ba3 Rxd1 21.Qxd1 Be7
22.Qb3 Qc7 23.Qb1 Qe5 24.Qd3 Qc7 25.e4 fxe4 26.fxe4 Qe5 27.Qf3 h6 28.Bc1 Qxe4
29.Qxe4 Bxe4 30.Rd1 Bc6 31.Bf4 Kf7 32.Kf2 Ke8 33.Be5 g6 34.g3 h5 35.h4 Be4
36.Bd6 Bc6 37.Ke3 Bg2 38.Kf4 Bc6 39.Bxe7 Kxe7 40.Ke5 {#r} 1-0

[Event "It (cat.1)"]
[Site "masterchessopen.com Hampstead (England)"]
[Round "5"]
[White "Palliser Richard (ENG)"]
[Black "Georghiou Paul I (ENG)"]
[Result "1-0"]
[WhiteElo "2175"]
[BlackElo "2257"]

1.d4 Nf6 2.c4 e6 3.Nc3 Bb4 4.e3 b6 5.Ne2 Ne4 6.Qc2 Bb7 7.Nf4 Bxc3+ 8.bxc3 d6
9.Bd3 Nf6 10.f3 e5 11.Ne2 Qe7 12.Ng3 g6 13.O-O c5 14.e4 cxd4 15.cxd4 Nc6 16.d5
Nd8 17.a4 Nd7 18.a5 bxa5 19.Rxa5 O-O 20.Be3 Nc5 21.Bxc5 dxc5 22.Qf2 Bc8
23.Qxc5 Qd7 24.Qa3 Qc7 25.Ra1 a6 26.Qc5 Qb8 27.R5a2 f6 28.Rb1 Nb7 29.Qb6 Qa7
30.Ne2 Nc5 31.Nc1 Bd7 32.Qxa7 Rxa7 33.Bc2 Rc8 34.Rb6 Kf7 35.Nb3 Na4 36.Rb4 Nc3
37.Ra5 Rac7 38.Bd3 Nd1 39.c5 {#r} 1-0

[Event "It (cat.12)"]
[Site "masterchessopen.com Harplinge (Sweden)"]
[Round "7"]
[White "Lautier Joel (FRA)"]
[Black "Wedberg Tom (SWE)"]
[Result "1-0"]
[WhiteElo "2630"]
[BlackElo "2475"]

1.d4 Nf6 2.c4 e6 3.Nc3 Bb4 4.e3 b6 5.Ne2 Ne4 6.Qc2 Bb7 7.Nf4 f5 8.Bd3 Qh4
9.O-O Bxc3 10.bxc3 g5 11.Ne2 Nf6 12.f3 Rg8 13.d5 g4 14.Nd4 gxf3 15.Nxf3 Qh5
16.Ba3 exd5 17.Bxf5 dxc4 18.e4 Nc6 19.e5 Ng4 20.e6 Ne3 21.exd7+ Kd8 22.Qe4
Nxf5 23.Ne5 Na5 24.Rxf5 Bxe4 25.Rxh5 c5 26.g3 Kc7 27.Rh4 Bd3 28.Rd1 Rg7 29.Rh6
Rd8 30.Bc1 Kb7 31.Bf4 Rgxd7 32.Nxd7 Rxd7 33.Re1 Bg6 34.h4 Ka6 35.h5 Bd3 36.Kf2
Kb5 37.Rhe6 Rd8 38.Re7 Nc6 39.Rc7 {#r} 1-0

[Event "Ch World (juniors) (under 12)"]
[Site "masterchessopen.com Marina d'Or (Spain)"]
[Round "8"]
[White "Cheparinov Ivan (BUL)"]
[Black "Megaranto Susanto (INA)"]
[Result "1-0"]
[WhiteElo "2110"]
[BlackElo "2530"]

1.d4 Nf6 2.c4 e6 3.Nc3 Bb4 4.e3 b6 5.Ne2 Bb7 6.a3 Be7 7.Ng3 c5 8.d5 exd5
9.cxd5 d6 10.e4 O-O 11.Bd3 Re8 12.O-O Bf8 13.f4 Ba6 14.Bxa6 Nxa6 15.Qf3 Qd7
16.f5 b5 17.Bg5 Be7 18.e5 dxe5 19.Bxf6 Bxf6 20.Nce4 Qd8 21.Nh5 Kh8 22.Nhxf6
gxf6 23.Qh5 Nc7 24.d6 Na6 25.Qh6 Rg8 26.Nxf6 Rg7 27.Rf3 Qf8 28.Rh3 Qxd6
29.Qxh7+ {#r} 1-0

[Event "Ch World (juniors) (under 18)"]
[Site "masterchessopen.com Marina d'Or (Spain)"]
[Round "10"]
[White "Bekker-Jensen Simon (DEN)"]
[Black "Smetankin Stanislav (BLR)"]
[Result "1-0"]
[WhiteElo "2260"]
[BlackElo "2395"]

1.d4 Nf6 2.c4 e6 3.Nc3 Bb4 4.e3 b6 5.Ne2 Ne4 6.f3 Nxc3 7.bxc3 Be7 8.e4 Nc6
9.Ng3 O-O 10.Bd3 Na5 11.O-O Ba6 12.Qe2 d6 13.f4 g6 14.f5 exf5 15.exf5 Bh4
16.fxg6 hxg6 17.Bh6 Qd7 18.Bxf8 Rxf8 19.Rae1 Kg7 20.Nh5+ gxh5 21.Qe4 {#r} 1-0

[Event "It (open)"]
[Site "masterchessopen.com Metz (France)"]
[Round "9"]
[White "Lalic Bogdan (ENG)"]
[Black "Turner Matthew (ENG)"]
[Result "1-0"]
[WhiteElo "2560"]
[BlackElo "2475"]

1.d4 Nf6 2.c4 e6 3.Nc3 Bb4 4.e3 b6 5.Ne2 Bb7 6.a3 Be7 7.d5 d6 8.Ng3 c6 9.e4
Na6 10.Be2 Nc7 11.O-O O-O 12.dxe6 fxe6 13.Be3 e5 14.a4 Ne6 15.a5 c5 16.Nd5
Nxd5 17.exd5 Nf4 18.Bg4 Ba6 19.Qa4 Qe8 20.axb6 axb6 21.Nf5 b5 22.Qc2 g6
23.Nxe7+ Qxe7 24.g3 Nh5 25.b4 bxc4 26.bxc5 dxc5 27.Ra5 Nf6 28.Be6+ Kh8 29.Bxc5
Qc7 30.Bxf8 Qxa5 31.Bd6 Re8 32.Qe2 e4 33.Qe3 Bb7 34.Qd4 Qd8 35.Be5 Kg7 36.Ra1
{#r} 1-0

[Event "Ch Netherlands (team) (final)"]
[Site "masterchessopen.com Netherlands"]
[Round "2"]
[White "Conquest Stuart (ENG)"]
[Black "Douven Rudy C (NED)"]
[Result "1-0"]
[WhiteElo "2490"]
[BlackElo "2400"]

1.d4 Nf6 2.c4 e6 3.Nc3 Bb4 4.e3 b6 5.Ne2 Ne4 6.Bd2 Nxd2 7.Qxd2 c5 8.a3 Ba5
9.Nf4 O-O 10.Be2 Nc6 11.d5 Ne5 12.O-O Ba6 13.b4 Nxc4 14.Bxc4 Bxc4 15.Rfb1 b5
16.bxa5 Qxa5 17.e4 Rab8 18.Qe3 e5 19.Nh5 Qb6 20.Ng3 Qc7 21.Nf5 d6 22.h4 f6
23.h5 h6 24.Rc1 a5 25.Nb1 Qd7 26.Qf3 a4 27.Nd2 Bb3 28.Nxb3 axb3 29.Qxb3 Ra8
30.Rc3 Rf7 31.Rb1 Ra5 32.Rg3 Kf8 33.Qd3 c4 34.Qd2 Ra6 35.Qb4 {#r} 1-0

[Event "Cup Russia"]
[Site "masterchessopen.com Nizhnij Novgorod (Russia)"]
[Round "8"]
[White "Ulko Jaroslav (RUS)"]
[Black "Sorokin Maxim (RUS)"]
[Result "1-0"]
[WhiteElo "2405"]
[BlackElo "2570"]

1.d4 Nf6 2.c4 e6 3.Nc3 Bb4 4.e3 b6 5.Ne2 c5 6.a3 Ba5 7.Rb1 Na6 8.Ng3 Bb7 9.f3
O-O 10.e4 d5 11.cxd5 exd5 12.e5 Nd7 13.Bb5 f6 14.e6 Ndb8 15.Qe2 Re8 16.O-O g6
17.Bxe8 Qxe8 18.e7 Bxc3 19.Qe6+ Kg7 20.bxc3 cxd4 21.Bh6+ {#r} 1-0

[Event "Cup Russia"]
[Site "masterchessopen.com Perm (Russia)"]
[Round "8"]
[White "Ershova Svetlana (RUS)"]
[Black "Syrchikov Alexander (RUS)"]
[Result "1-0"]
[WhiteElo "2205"]
[BlackElo "2315"]

1.d4 Nf6 2.c4 e6 3.Nc3 Bb4 4.e3 b6 5.Ne2 Ne4 6.Qc2 Bb7 7.a3 Nxc3 8.Nxc3 f5
9.Bd3 Bxc3+ 10.Qxc3 Bxg2 11.Rg1 Bb7 12.Rxg7 Qf6 13.Rg1 c5 14.Bd2 cxd4 15.exd4
Nc6 16.O-O-O h6 17.d5 Ne5 18.Rde1 Nxd3+ 19.Qxd3 Rh7 20.Bc3 Qf7 21.dxe6 dxe6
22.Qd6 Be4 23.Rxe4 {#r} 1-0

[Event "Ch World (universities)"]
[Site "masterchessopen.com Rotterdam (Netherlands)"]
[Round "9"]
[White "Watanabe Akira (JPN)"]
[Black "Dgebuadze Alexandre (BEL)"]
[Result "0-1"]
[WhiteElo "2350"]
[BlackElo "2505"]

1.d4 Nf6 2.c4 e6 3.Nc3 Bb4 4.e3 b6 5.Ne2 c5 6.a3 Ba5 7.Rb1 Qe7 8.Bd2 Na6 9.Ng3
O-O 10.Bd3 Bb7 11.O-O d6 12.Qe2 Rfe8 13.d5 Bxc3 14.Bxc3 Nb8 15.e4 Nbd7 16.f4
Qd8 17.dxe6 Rxe6 18.e5 dxe5 19.fxe5 Qc7 20.Bf5 Rxe5 21.Bxe5 Nxe5 22.Rbe1 Re8
23.Qd2 h6 24.Bc2 Rd8 25.Qc3 Rd4 26.b3 Qc6 27.Re2 g6 28.h3 Qd6 29.Ref2 Nd3
30.Rxf6 Qxg3 31.R1f2 Rd7 32.Re2 Rd8 33.Rd2 Be4 34.Bxd3 Rxd3 35.Rxd3 Qxg2# 0-1

[Event "Ch Slovakia (team) 1997/98 (2 liga) (b)"]
[Site "masterchessopen.com Slovakia"]
[Round "0"]
[White "Lancz Ondrej (SVK)"]
[Black "Detko Jan (SVK)"]
[Result "1-0"]
[WhiteElo "2099"]
[BlackElo "2130"]

1.d4 Nf6 2.c4 e6 3.Nc3 Bb4 4.e3 b6 5.Ne2 Bb7 6.a3 Bxc3+ 7.Nxc3 O-O 8.Bd3 d6
9.O-O c5 10.b4 Nbd7 11.Bb2 e5 12.Qc2 Qe7 13.Ne4 Bxe4 14.Bxe4 Nxe4 15.Qxe4 Qe6
16.dxe5 Nxe5 17.Bxe5 dxe5 18.bxc5 bxc5 19.Rad1 Qa6 20.Rd5 Qxa3 21.Rxe5 a5
22.f4 Rfd8 23.f5 Qd3 24.Re8+ {#r} 1-0

[Event "It (b)"]
[Site "masterchessopen.com Stockholm (Sweden)"]
[Round "7"]
[White "Rylander Dennis (SWE)"]
[Black "Penalver Osmani (SWE)"]
[Result "1-0"]
[WhiteElo "2130"]
[BlackElo "2270"]

1.d4 Nf6 2.c4 e6 3.Nc3 Bb4 4.e3 b6 5.Ne2 c5 6.a3 cxd4 7.exd4 Bxc3+ 8.Nxc3 Bb7
9.Bd3 d5 10.cxd5 Nxd5 11.O-O O-O 12.Re1 Nd7 13.Qh5 N7f6 14.Qh4 Nxc3 15.bxc3
Qd5 16.f3 Qh5 17.Qg3 Qa5 18.Bd2 Ba6 19.Re5 Qa4 20.Bh6 Ne8 21.Be4 Rc8 22.Bxg7
f5 23.Bxf8+ Kxf8 24.Bxf5 Rxc3 25.Bxe6 Qxd4+ 26.Kh1 Nf6 27.Rae1 Rxa3 28.Qg5 Ke7
29.Qg7+ Kd6 30.Qf8+ {#r} 1-0

[Event "It (cat.5)"]
[Site "masterchessopen.com Stockholm (Sweden)"]
[Round "1"]
[White "Malmstig Erik (SWE)"]
[Black "Sjoberg Mats (SWE)"]
[Result "0-1"]
[WhiteElo "2305"]
[BlackElo "2385"]

1.d4 Nf6 2.c4 e6 3.Nc3 Bb4 4.e3 b6 5.Ne2 O-O 6.a3 Bxc3+ 7.Nxc3 d5 8.cxd5 exd5
9.Qa4 c5 10.Be2 Bd7 11.Qd1 Be6 12.O-O Nc6 13.Bb5 Qd6 14.Qa4 Bd7 15.dxc5 bxc5
16.Qh4 Bf5 17.Rd1 Rad8 18.e4 Bxe4 19.Bf4 Qe6 20.f3 Bc2 21.Re1 Qc8 22.Bg5 Nd4
23.Bxf6 gxf6 24.Qxf6 Qf5 25.Qe7 Qg6 26.Kh1 Nb3 27.Re5 Nxa1 28.Rg5 d4 29.Rxg6+
hxg6 30.Ne4 Bxe4 31.Qxe4 d3 32.Bc4 Rd6 33.Qe5 Rfd8 34.Qf4 d2 35.Bxf7+ Kg7
36.Qe5+ Kxf7 37.Qf4+ Kg7 38.Qe5+ Kf7 39.Qf4+ Ke7 {#R} 0-1

[Event "It (open)"]
[Site "masterchessopen.com Troisdorf (Germany)"]
[Round "0"]
[White "Lange Lutz (GER)"]
[Black "Kock Wolfgang (GER)"]
[Result "1-0"]
[WhiteElo "1956"]
[BlackElo "2127"]

1.d4 Nf6 2.c4 e6 3.Nc3 Bb4 4.e3 b6 5.Ne2 Bb7 6.a3 Bxc3+ 7.Nxc3 O-O 8.d5 exd5
9.cxd5 d6 10.e4 Ba6 11.Bxa6 Nxa6 12.O-O Nc5 13.f3 Re8 14.Bg5 h6 15.Bh4 g5
16.Bf2 Ncd7 17.Rc1 a6 18.Ne2 Nf8 19.Nd4 Ng6 20.Nc6 Qd7 21.Qc2 Rec8 22.Bd4 Ne8
23.b4 Ne7 24.Nxe7+ Qxe7 25.Bb2 f6 26.Qd2 Rd8 27.Rc6 Rd7 28.Rfc1 Ng7 29.Bd4 Rf8
30.Qd3 a5 31.bxa5 bxa5 32.Qa6 f5 33.Re1 Ne8 34.Qxa5 Qf7 35.exf5 Qxf5 36.Re4
Rff7 37.Rxe8+ {#r} 1-0

[Event "It (open)"]
[Site "masterchessopen.com Vienna (Austria)"]
[Round "0"]
[White "Zoebisch Herbert (AUT)"]
[Black "Stanec Nikolaus (AUT)"]
[Result "0-1"]
[WhiteElo "2149"]
[BlackElo "2495"]

1.d4 Nf6 2.c4 e6 3.Nc3 Bb4 4.e3 b6 5.Ne2 Bb7 6.a3 Bd6 7.d5 c6 8.e4 O-O 9.f4 e5
10.f5 b5 11.dxc6 dxc6 12.Ng3 Qe7 13.Bg5 Bc5 14.Nh5 Nbd7 15.Qf3 Qd6 16.Rd1 Bd4
17.Nxf6+ Nxf6 18.cxb5 Rad8 19.Be2 Rfe8 20.h4 Qc5 21.Bxf6 gxf6 22.h5 Kh8 23.h6
Rg8 24.Kf1 cxb5 25.Rh4 a6 26.Rd3 b4 27.axb4 Qxb4 28.Nd1 Bc6 29.Rb3 Qa5 30.Ra3
Qd2 31.Rxa6 Bb7 32.Ra1 Bb6 33.g3 Qd4 34.Nf2 Qxb2 35.Rd1 Rxd1+ 36.Bxd1 {#R} 0-1

[Event "Cup Cesar Munoz Vicuna"]
[Site "masterchessopen.com Ecuador"]
[Date "1998.05.01"]
[Round "3"]
[White "Chacon Jose A (CUB)"]
[Black "Bastidas Rodriguez Emilio J (ECU)"]
[Result "1-0"]
[WhiteElo "2068"]
[BlackElo "2245"]

1.d4 Nf6 2.c4 e6 3.Nc3 Bb4 4.e3 b6 5.Ne2 Bb7 6.a3 Be7 7.d5 O-O 8.Ng3 d6 9.e4
Kh8 10.Be2 Ng8 11.O-O Na6 12.Qc2 e5 13.b4 g6 14.Bb2 Nb8 15.Na4 Nd7 16.f4 c5
17.fxe5 dxe5 18.bxc5 bxc5 19.Bc3 Bd6 20.Rab1 Bc8 21.Nb2 Qe7 22.Nd3 h5 23.Bxh5
gxh5 24.Nf5 Qf6 25.Qe2 Qg6 26.Nf4 Qg4 27.Qxg4 hxg4 28.Nxd6 Ba6 29.Nd3 f6
30.Rf5 Rfb8 31.Rh5+ Kg7 32.Nb5 Bxb5 33.cxb5 a6 34.a4 {#r} 1-0

[Event "It (open)"]
[Site "masterchessopen.com Benasque (Spain)"]
[Round "8"]
[White "Gaprindashvili Valeriane (GEO)"]
[Black "Beudaert Xavier (FRA)"]
[Result "1-0"]
[WhiteElo "2390"]
[BlackElo "2189"]

1.d4 Nf6 2.c4 e6 3.Nc3 Bb4 4.e3 b6 5.Ne2 Bb7 6.a3 Bxc3+ 7.Nxc3 d5 8.cxd5 exd5
9.Bd3 O-O 10.O-O c5 11.Ne2 Nc6 12.b3 Rc8 13.Bb2 Qd6 14.h3 Ne7 15.b4 c4 16.Bc2
b5 17.Qe1 Qd7 18.Rd1 Nf5 19.g4 Nd6 20.f3 Qe7 21.Qh4 h6 22.Bc1 Rce8 23.Qg3 Ra8
24.h4 Nd7 25.Nf4 a5 26.g5 Kh8 27.Qg4 axb4 28.axb4 Ra2 29.Rf2 Ra1 30.gxh6 gxh6
31.Rg2 f5 32.Bxf5 Rf6 33.Ng6+ {#r} 1-0

[Event "It (open)"]
[Site "masterchessopen.com Biel (Switzerland)"]
[Round "4"]
[White "Sasikiran Krishnan (IND)"]
[Black "Handke Florian (GER)"]
[Result "1-0"]
[WhiteElo "2536"]
[BlackElo "2361"]

1.d4 Nf6 2.c4 e6 3.Nc3 Bb4 4.e3 b6 5.Ne2 Ne4 6.Qc2 Bb7 7.a3 Bxc3+ 8.Nxc3 Nxc3
9.Qxc3 O-O 10.b4 d6 11.Bb2 f5 12.O-O-O Nd7 13.d5 e5 14.f3 a5 15.Kb1 Qe7 16.Be2
Nf6 17.Rd2 Kh8 18.Rhd1 Qf7 19.Qc2 axb4 20.axb4 b5 21.Qxf5 bxc4 22.Bxc4 Ra4
23.Qe6 Qg6+ 24.Bd3 Qh6 25.Qe7 Rc8 26.Bf5 Rca8 27.Qxc7 Qxe3 28.Qxb7 R4a7 29.Qc6
Qb3 30.Kc1 Ne8 31.Bc2 Ra1+ 32.Bb1 R1a7 33.Rd3 Qxb4 34.Qc2 Rc7 35.Rc3 Rb7
36.Qxh7# 1-0

[Event "It (open)"]
[Site "masterchessopen.com Cannes (France)"]
[Round "5"]
[White "Zaja Ivan (CRO)"]
[Black "Lerch Patrice (FRA)"]
[Result "1-0"]
[WhiteElo "2446"]
[BlackElo "2253"]

1.d4 Nf6 2.c4 e6 3.Nc3 Bb4 4.e3 b6 5.Ne2 Bb7 6.a3 Bd6 7.Ng3 O-O 8.b4 Re8 9.f4
Bf8 10.Rb1 d5 11.c5 Qc8 12.Bd3 c6 13.e4 dxe4 14.Ncxe4 Nd5 15.Ng5 g6 16.Rb3 Ba6
17.O-O h6 18.Nxf7 Bxd3 19.Nd6 Bxd6 20.Qxd3 Kg7 21.cxd6 Qd7 22.Ne4 a5 23.Qh3
Rh8 24.Rg3 Ra7 25.f5 exf5 26.Rxf5 Qe8 27.Re5 Qf7 28.Rf3 Qg8 29.bxa5 Rf7
30.axb6 Nd7 31.Bb2 Rxf3 32.gxf3 Qf7 33.Re7 Nxe7 34.d5+ {#r} 1-0

[Event "It (open)"]
[Site "masterchessopen.com Cappelle la Grande (France)"]
[Round "6"]
[White "Bekker-Jensen David (DEN)"]
[Black "Murdzia Piotr (POL)"]
[Result "1-0"]
[WhiteElo "2264"]
[BlackElo "2375"]

1.d4 Nf6 2.c4 e6 3.Nc3 Bb4 4.e3 b6 5.Ne2 c5 6.a3 Ba5 7.Rb1 Na6 8.Bd2 Bxc3
9.Nxc3 O-O 10.Bd3 d5 11.cxd5 cxd4 12.exd4 Nxd5 13.O-O Nac7 14.Re1 Bb7 15.Qh5
f5 16.Rbd1 Qd7 17.Ne2 Nf6 18.Qh4 Be4 19.Bc4 Bxg2 20.Kxg2 Qc6+ 21.d5 Ncxd5
22.Kg1 g5 23.Bxd5 Nxd5 24.Bxg5 Kh8 {#r} 1-0

[Event "It (open)"]
[Site "masterchessopen.com Cappelle la Grande (France)"]
[Round "5"]
[White "Kharlov Andrei (RUS)"]
[Black "Legky Nikolay A (UKR)"]
[Result "1-0"]
[WhiteElo "2615"]
[BlackElo "2496"]

1.d4 e6 2.c4 Nf6 3.Nc3 Bb4 4.e3 b6 5.Ne2 Bb7 6.a3 Be7 7.Nf4 O-O 8.Bd3 d6 9.O-O
Nbd7 10.b3 Re8 11.Bb2 Bf8 12.Bc2 e5 13.Nfe2 d5 14.cxd5 Nxd5 15.Nxd5 Bxd5
16.dxe5 Nxe5 17.Nf4 Bb7 18.Bxh7+ Kxh7 19.Qh5+ Kg8 20.Bxe5 Qe7 21.Bc3 Rad8
22.b4 Qe4 23.Rfe1 Rd6 24.Rac1 Rh6 25.Qg5 Qh7 26.h3 Bd6 27.f3 f5 28.Re2 Kf7
29.Bd4 Kg8 30.Rec2 Re7 31.Rxc7 {#r} 1-0

[Event "Ch Wales"]
[Site "masterchessopen.com Chepstow (Wales)"]
[Round "1"]
[White "Gilbert Jonathan A (WLS)"]
[Black "Cobb James (WLS)"]
[Result "0-1"]
[WhiteElo "2085"]
[BlackElo "2349"]

1.d4 Nf6 2.c4 e6 3.Nc3 Bb4 4.e3 b6 5.Ne2 Ne4 6.a3 Nxc3 7.Nxc3 Bxc3+ 8.bxc3 Bb7
9.d5 Qf6 10.e4 Qxc3+ 11.Bd2 Qd4 12.Be2 Na6 13.O-O Nc5 14.Ra2 Nxe4 15.dxe6 dxe6
16.Qa4+ Qd7 17.Qxd7+ Kxd7 18.Rd1 Ke7 19.Be1 Rhd8 20.Rc1 Rd6 21.f3 Nc5 22.Bb4
Rc6 23.a4 a5 24.Ba3 Ke8 25.f4 Rd6 26.Bxc5 bxc5 27.Kf2 Rad8 28.g3 Rb6 29.Rc3
Rd4 30.Re3 Be4 31.Raa3 Rb4 32.g4 Kd7 33.h4 Bc6 {#R} 0-1

[Event "It (open) \"]
[Site "masterchessopen.com Copenhagen (Denmark)"]
[Round "10"]
[White "Bekker-Jensen Simon (DEN)"]
[Black "Christensen Stefan (DEN)"]
[Result "1-0"]
[WhiteElo "2436"]
[BlackElo "2196"]

1.d4 Nf6 2.c4 e6 3.Nc3 Bb4 4.e3 b6 5.Ne2 Ne4 6.f3 Nxc3 7.bxc3 Be7 8.e4 d6
9.Ng3 e5 10.Be2 Bb7 11.O-O c5 12.Nf5 g6 13.Nh6 cxd4 14.cxd4 exd4 15.c5 d5
16.cxb6 Qxb6 17.Bd3 Nd7 18.Rb1 Qc7 19.e5 Nxe5 20.Bf4 f6 21.Qa4+ Bc6 22.Qxd4
Kf8 23.Ng4 Bd6 24.Nxf6 Nxd3 25.Nxd5 Bxd5 26.Qxh8+ Ke7 27.Qxh7+ Kd8 28.Bg5+ Kc8
29.Qxg6 Bxh2+ 30.Kh1 Bg3 31.Qe8+ {#r} 1-0

[Event "It (open)"]
[Site "masterchessopen.com Coulsdon (England)"]
[Round "7"]
[White "Lalic Bogdan (ENG)"]
[Black "Cherniaev Alexander (RUS)"]
[Result "1-0"]
[WhiteElo "2550"]
[BlackElo "2278"]

1.d4 Nf6 2.c4 e6 3.Nc3 Bb4 4.e3 b6 5.Ne2 c5 6.a3 Ba5 7.g3 cxd4 8.exd4 Bxc3+
9.Nxc3 d5 10.Bg2 Bb7 11.O-O Qd7 12.Bg5 dxc4 13.Bxf6 gxf6 14.d5 Na6 15.Qd4
O-O-O 16.Qxc4+ Nc7 17.Rfd1 exd5 18.Bxd5 Bxd5 19.Rxd5 Qe7 20.Rad1 {#r} 1-0

[Event "It (open)"]
[Site "masterchessopen.com Haarlem (Netherlands)"]
[Round "3"]
[White "Konings Leon (NED)"]
[Black "Dgebuadze Alexandre (BEL)"]
[Result "0-1"]
[WhiteElo "2255"]
[BlackElo "2510"]

1.d4 Nf6 2.c4 e6 3.Nc3 Bb4 4.e3 b6 5.Ne2 c5 6.a3 Ba5 7.Bd2 O-O 8.f3 d5 9.Na2
Bxd2+ 10.Qxd2 Ba6 11.cxd5 exd5 12.Ng3 Bxf1 13.Kxf1 Nc6 14.Kf2 Re8 15.Rad1 Re6
16.dxc5 bxc5 17.b4 Ne5 18.bxc5 Nc4 19.Qd4 Qa5 20.Rd3 Rae8 21.Nf5 g6 22.Nd6
Nxd6 23.cxd6 Rxd6 24.Rc1 Qb6 25.Rc5 Nd7 26.Rxd5 Rxd5 27.Qxd5 Ne5 28.Rb3 Qf6
29.Qe4 Rd8 30.Nb4 Rd2+ 31.Kf1 Qg5 32.g3 Qf6 33.Qf4 Qe6 34.Rc3 a5 35.Rc2 Qh3+
36.Ke1 Rxc2 37.Qxe5 axb4 38.Qe8+ Kg7 39.Qe5+ Kf8 40.g4 Qxf3 {#R} 0-1

[Event "It (open)"]
[Site "masterchessopen.com Hassloch (Germany)"]
[Round "2"]
[White "Kettner Juergen (GER)"]
[Black "Vatter Hans-Joachim (GER)"]
[Result "0-1"]
[WhiteElo "2267"]
[BlackElo "2361"]

1.d4 Nf6 2.c4 e6 3.Nc3 Bb4 4.e3 b6 5.Ne2 Bb7 6.a3 Bxc3+ 7.Nxc3 O-O 8.d5 Qe7
9.Be2 exd5 10.Nxd5 Nxd5 11.cxd5 d6 12.O-O Nd7 13.Qd4 a5 14.Rd1 Nc5 15.Bc4 a4
16.Bd2 Ba6 17.Ba2 Rae8 18.Bc3 Qg5 19.Qf4 Qxf4 20.exf4 Re2 21.Rd4 Rfe8 22.g3 f5
23.Bc4 Bxc4 24.Rxc4 Rc2 25.Rd1 Ree2 26.Rf1 Kf7 27.Kg2 Ke8 28.Rb4 Nd3 29.Rxa4
Nxf2 {#R} 0-1